书目信息 |
| 题名: |
天然气管道输送技术
|
|
| 作者: | 黄春芳 主编 | |
| 分册: | ||
| 出版信息: | 北京 中国石化出版社 2017.4 |
|
| 页数: | 440页 | |
| 开本: | 26cm | |
| 丛书名: | ||
| 单 册: | ||
| 中图分类: | TE832 | |
| 科图分类: | ||
| 主题词: | 天然气输送--管道运输 | |
| 电子资源: | ||
| ISBN: | 978-7-5114-4405-9 | |
| 000 | 01117nam0 2200241 450 | |
| 001 | 0500003365 | |
| 005 | 20171026103324.76 | |
| 010 | @a978-7-5114-4405-9@dCNY85.00 | |
| 100 | @a20170905d2017 em y0chiy50 ea | |
| 101 | 0 | @achi |
| 102 | @aCN@b110000 | |
| 105 | @aa z 000yy | |
| 106 | @ar | |
| 200 | 1 | @a天然气管道输送技术@9tian ran qi guan dao shu song ji shu@f黄春芳[等]主编 |
| 205 | @a第2版 | |
| 210 | @a北京@c中国石化出版社@d2017.4 | |
| 215 | @a440页@c图@d26cm | |
| 330 | @a本书阐述了天然气管道输送的基本原理和实用技术。主要介绍天然气的基本性质和管输气质要求;输气管道的水力、热力计算;管道储气与天然气管道工况分析与调整;输气管道事故工况分析;天然气管道运行与管理技术;输气管道检测仪表;管道腐蚀与防护技术;天然气管道使用的各种设备包括各种离心式压缩机和往复式压缩机、燃气轮机、阀和气液联动阀、分离设备、调压设备、计量设备、清管设备的原理、操作与维护技术以及故障和事故处理、人员救护方法,还简单介绍了输气管道仿真技术。 | |
| 606 | 0 | @a天然气输送@x管道运输 |
| 690 | @aTE832@v5 | |
| 701 | 0 | @a黄春芳@9huang chun fang@f(1953-)@4主编 |
| 801 | 0 | @aCN@b91MARC@c20171022 |
| 905 | @b1036186-90@dTE832@f5@e64=2 | |
| 天然气管道输送技术/黄春芳[等]主编.-第2版.-北京:中国石化出版社,2017.4 |
| 440页:图;26cm |
| ISBN 978-7-5114-4405-9:CNY85.00 |
| 本书阐述了天然气管道输送的基本原理和实用技术。主要介绍天然气的基本性质和管输气质要求;输气管道的水力、热力计算;管道储气与天然气管道工况分析与调整;输气管道事故工况分析;天然气管道运行与管理技术;输气管道检测仪表;管道腐蚀与防护技术;天然气管道使用的各种设备包括各种离心式压缩机和往复式压缩机、燃气轮机、阀和气液联动阀、分离设备、调压设备、计量设备、清管设备的原理、操作与维护技术以及故障和事故处理、人员救护方法,还简单介绍了输气管道仿真技术。 |
| ● |
| 相关链接 |
|
|
|
|
正题名:天然气管道输送技术
索取号:TE832/64=2
 
预约/预借
| 序号 | 登录号 | 条形码 | 馆藏地/架位号 | 状态 | 备注 |
| 1 | 1036186 | 210361865 | 第二样本阅览室/ [索取号:TE832/64=2] | 在馆 | |
| 2 | 1036187 | 210361874 | 密集书库-生命科学系/ [索取号:TE832/64=2] | 在馆 | |
| 3 | 1036188 | 210361883 | 第三借阅区/ [索取号:TE832/64=2] | 在馆 | |
| 4 | 1036189 | 210361892 | 第三借阅区/ [索取号:TE832/64=2] | 在馆 | |
| 5 | 1036190 | 210361909 | 第三借阅区/ [索取号:TE832/64=2] | 在馆 |